Alligator Bites Never Heal - Album (Doechii) - Statistics

General Stats
  • This quiz has been taken 50 times
  • The average score is 13 of 19
Answer Stats
# Title % Correct
4. DENIAL IS A RIVER
97%
13. NISSAN ALTIMA
90%
5. CATFISH
86%
1. STANKA POOH
79%
2. BULLFROG
76%
19. ALLIGATOR BITES NEVER HEAL
69%
12. BOOM BAP
69%
17. FIREFLIES
69%
16. SLIDE
69%
9. WAIT
69%
18. BEVERLY HILLS
66%
8. BLOOM
66%
14. GTFO
62%
15. HUH!
62%
10. DEATH ROLL
55%
7. HIDE N SEEK
52%
11. PROFIT
52%
6. SKIPP
52%
3. BOILED PEANUTS
48%
No matching quizzes found
Score Distribution
Percent of People with Each Score
Percentile by Number Answered
Your Score History
You have not taken this quiz